书目信息 |
| 题名: |
地基处理
|
|
| 作者: | 龚晓南 , 陶燕丽 编著 | |
| 分册: | ||
| 出版信息: | 北京 中国建筑工业出版社 2017.01 |
|
| 页数: | 225页 | |
| 开本: | 23cm | |
| 丛书名: | ||
| 单 册: | ||
| 中图分类: | TU472 | |
| 科图分类: | ||
| 主题词: | 地基处理--高等教育--教材 | |
| 电子资源: | ||
| ISBN: | 978-7-112-20076-4 | |
| 000 | 00948nam0 2200265 450 | |
| 001 | 0100004773 | |
| 005 | 20190311103557.11 | |
| 010 | @a978-7-112-20076-4@dCNY30.00 | |
| 100 | @a20170309d2017 em y0chiy50 ea | |
| 101 | 0 | @achi |
| 102 | @aCN@b110000 | |
| 105 | @aa z 000yy | |
| 200 | 1 | @a地基处理@Adi ji chu li@f龚晓南,陶燕丽编著 |
| 205 | @a2版 | |
| 210 | @a北京@c中国建筑工业出版社@d2017.01 | |
| 215 | @a225页@c图@d23cm | |
| 300 | @a“十二五”普通高等教育本科国家级规划教材 高校土木工程专业指导委员会规划推荐教材 (经典精品系列教材) | |
| 330 | @a本书共分为九章,其主要内容包括:绪论、复合地基理论概要、振密、挤密、置换、排水固结、灌入固化物、加筋、既有建筑物地基加固、纠倾和迁移。 | |
| 333 | @a高校土木工程专业师生 | |
| 606 | 0 | @a地基处理@x高等教育@j教材 |
| 690 | @aTU472@v5 | |
| 701 | 0 | @a龚晓南@Agong xiao nan@4编著 |
| 701 | 0 | @a陶燕丽@Atao yan li@4编著 |
| 801 | 0 | @aCN@c201701015 |
| 905 | @a河南城建学院图书馆@dTU472@eG393=2 | |
| 地基处理/龚晓南,陶燕丽编著.-2版.-北京:中国建筑工业出版社,2017.01 |
| 225页:图;23cm |
| “十二五”普通高等教育本科国家级规划教材 高校土木工程专业指导委员会规划推荐教材 (经典精品系列教材).-使用对象:高校土木工程专业师生 |
| ISBN 978-7-112-20076-4:CNY30.00 |
| 本书共分为九章,其主要内容包括:绪论、复合地基理论概要、振密、挤密、置换、排水固结、灌入固化物、加筋、既有建筑物地基加固、纠倾和迁移。 |
| ● |
| 相关链接 |
|
|
|
正题名:地基处理
索取号:TU472/G393=2
 
预约/预借
| 序号 | 登录号 | 条形码 | 馆藏地/架位号 | 状态 | 备注 |
| 1 | 1243893 | 212438931 | 建筑库101/101建筑库 97排4列3层/ [索取号:TU472/G393=2] | 在馆 | |
| 2 | 1337260 | 213372606 | 建筑库101/101建筑库 97排4列3层/ [索取号:TU472/G393=2] | 在馆 | |
| 3 | 1337261 | 213372615 | 建筑库101/101建筑库 97排4列3层/ [索取号:TU472/G393=2] | 在馆 |